000 00673nam a2200289Ia 4500
005 20260324132747.0
008 008 260324s9999 xx 000 0 eng d
020 _a9780203428160
037 _aEBOOK
040 _aCRL
040 _beng
040 _cCRL
041 _2eng
041 _aeng
084 _qCRL
100 _aMichael Rice
_91190522
245 0 _aEgypt's Making
245 4 _bThe Origins of Ancient Egypt 5000-2000 BC
260 _bTaylor and Francis
260 _c2004
365 _a
365 _b230
856 _uhttp://www.taylorfrancis.com/books/9780203428160
942 _cEBOOK
999 _c1788888
_d1788888